000 00259nam a2200109Ia 4500
008 190216s9999||||xx |||||||||||||| ||und||
100 _aVaswani T A
245 0 _aBanker And The Balance Sheet
260 _bLalvani Pub House
_c1967
300 _a247p
942 _cBK
999 _c4356
_d4356